<?xml version="1.0" encoding="UTF-8"?>
<record
    xmlns:xsi="http://www.w3.org/2001/XMLSchema-instance"
    xsi:schemaLocation="http://www.loc.gov/MARC21/slim http://www.loc.gov/standards/marcxml/schema/MARC21slim.xsd"
    xmlns="http://www.loc.gov/MARC21/slim">

  <leader>006760000a22002170004500</leader>
  <datafield tag="090" ind1=" " ind2=" ">
    <subfield code="a">AR</subfield>
    <subfield code="b">01434</subfield>
  </datafield>
  <datafield tag="245" ind1="1" ind2="0">
    <subfield code="a">Plants and bat interactions in west Africa</subfield>
  </datafield>
  <datafield tag="650" ind1="1" ind2="4">
    <subfield code="a">Relaci&#xF3;n planta-animal</subfield>
    <subfield code="9">92861</subfield>
  </datafield>
  <datafield tag="650" ind1="1" ind2="4">
    <subfield code="a">Coevoluci&#xF3;n</subfield>
    <subfield code="9">7461</subfield>
  </datafield>
  <datafield tag="650" ind1="1" ind2="4">
    <subfield code="a">Polinizaci&#xF3;n</subfield>
    <subfield code="9">94027</subfield>
  </datafield>
  <datafield tag="650" ind1="1" ind2="4">
    <subfield code="a">Frug&#xED;voros</subfield>
    <subfield code="9">93040</subfield>
  </datafield>
  <datafield tag="651" ind1=" " ind2="4">
    <subfield code="p">Africa</subfield>
    <subfield code="9">92749</subfield>
  </datafield>
  <datafield tag="653" ind1=" " ind2=" ">
    <subfield code="g">Epomophorus</subfield>
    <subfield code="e">Epomophorus gambianus</subfield>
  </datafield>
  <datafield tag="653" ind1=" " ind2=" ">
    <subfield code="g">Eidolon</subfield>
    <subfield code="e">Eidolon helvum</subfield>
  </datafield>
  <datafield tag="653" ind1=" " ind2=" ">
    <subfield code="g">Azadirachta</subfield>
    <subfield code="e">Azadirachta indica</subfield>
  </datafield>
  <datafield tag="653" ind1=" " ind2=" ">
    <subfield code="g">Mangifera</subfield>
    <subfield code="e">Mangifera indica</subfield>
  </datafield>
  <datafield tag="041" ind1="0" ind2=" ">
    <subfield code="a">Ingl&#xE9;s</subfield>
  </datafield>
  <datafield tag="100" ind1="1" ind2=" ">
    <subfield code="a">Ayensu, Edward S.</subfield>
    <subfield code="9">7473</subfield>
  </datafield>
  <datafield tag="942" ind1=" " ind2=" ">
    <subfield code="c">ARTICULO</subfield>
  </datafield>
  <datafield tag="773" ind1="1" ind2=" ">
    <subfield code="t">Annals of the Missouri Botanical Garden</subfield>
    <subfield code="3">157</subfield>
    <subfield code="h">61</subfield>
    <subfield code="q">702-727</subfield>
    <subfield code="d">1974</subfield>
  </datafield>
  <datafield tag="999" ind1=" " ind2=" ">
    <subfield code="c">10518</subfield>
    <subfield code="d">10518</subfield>
  </datafield>
  <datafield tag="952" ind1=" " ind2=" ">
    <subfield code="0">0</subfield>
    <subfield code="1">0</subfield>
    <subfield code="4">0</subfield>
    <subfield code="7">1</subfield>
    <subfield code="8">HEMEROTECA</subfield>
    <subfield code="a">Bogota</subfield>
    <subfield code="b">Bogota</subfield>
    <subfield code="d">2015-02-27</subfield>
    <subfield code="e">Mu&#xF1;oz Saba, Yaneth</subfield>
    <subfield code="h">Fuera de circulaci&#xF3;n</subfield>
    <subfield code="l">0</subfield>
    <subfield code="o">AR 01434</subfield>
    <subfield code="p">011788</subfield>
    <subfield code="r">2015-03-25 00:00:00</subfield>
    <subfield code="t">1</subfield>
    <subfield code="w">2015-03-25</subfield>
    <subfield code="x">Donaci&#xF3;n</subfield>
    <subfield code="y">ARTICULO</subfield>
  </datafield>
</record>
